Score 0/8 Timer 01:00
130 Plays Today
% Correct
North Dakota
91.1%
New York
90.2%
Nevada
90.1%
North Carolina
88.5%
New Mexico
87.9%
Nebraska
85.3%
New Hampshire
83.9%
New Jersey
82.8%
Remove Ads.
Support Sporcle.
Get the best of Sporcle when you Go Orange. This ad-free experience offers more features, more stats, and more fun while also helping to support Sporcle. Thank you for becoming a member.

You're not logged in!

Compare scores with friends on all Sporcle quizzes.
OR
Log In

Show Comments

Extras

Top Quizzes Today


Score Distribution

Your Account Isn't Verified!

In order to create a playlist on Sporcle, you need to verify the email address you used during registration. Go to your Sporcle Settings to finish the process.

Report this User

Report this user for behavior that violates our Community Guidelines.

Details: